000 00364nam a2200145 i 4500
001 bg
100 1 _aIWANICKA, Barbara
245 0 _aKasety magnetofonowe i magnetowidowe /
_cB. Iwanicka, E. Koprowski.
260 _aWarszawa,
_c1988.
700 1 _aKOPROWSKI, Edmund
040 _cBPK
041 _apol
942 _cKS
008 s pl f |000 0 pol
999 _c3723
_d3723
856 _uhttp://koha.tu.koszalin.pl/cgi-bin/koha/opac-detail.pl?biblionumber=3723
_yKatalog online BPK